00447 2200157 4500245006100000020002200061250001000083100001700093005001900110260003700129041001400166084000800180500005100188490004100239336000900280 aWORLD HERITAGE NATURE&CULTURE VOL.06cAGUS SANTOSOhText a978-979-15107-3-8 aCet.1 aAGUS SANTOSO a20240828084916 aJakartabBATARA PUBLISHINGc2009 aIndonesia a959 aDaftar Isi : Skandinavia, Inggris raya, Jerman aWORLD HERITAGE NATURE&CULTURE VOL.06 atext